| 000 | 00349nam a22001457a 4500 | ||
|---|---|---|---|
| 020 | _a81-7409-068-1 | ||
| 041 | _aENG | ||
| 100 | _aPrasad.I.B | ||
| 245 | _aAtext Book Of Applied Mechanics Dynamics & Statics | ||
| 250 | _aThoroughly Revised And Enlarged Ed | ||
| 260 |
_aDelhi _bKhanna PUB _c1999 |
||
| 300 | _a1264 | ||
| 650 | _aFS | ||
| 856 | _uFS | ||
| 999 |
_c366 _d366 |
||